000 01345nam a2200349 a 4500
001 000111171
003 CHAP
005 20220329144201.0
008 141210s2014 mx a |sm |||||||spa d
010 _a107633
011 _a108605
040 _cCHAP
090 _aTesis
100 1 _aCastillo Cruz, Mireille Escarlet
_9128980
245 1 0 _aEfectividad biológica de hongos entomopatógenos en el control del gorgojo Acanthoscelides obtetus (SAY) en Chapingo, México
_h[En línea]
_cpor Mireille Esarlet Castillo Cruz.
260 _aChapingo, Méx. :
_bEl autor,
_c2014.
500 _aPara ver el contenido del material haga clic en la liga
502 _aTesis (Ing. Agr. Esp. en Parasitología Agrícola) -- UACH. Departamento de Parasitología Agrícola
590 _aBATCH
_b00
_c20181121
_lUCH01
_h0759
590 _aE11695DGD
_b10
_c20141215
_lUCH01
_h1422
590 _aE5652GLJ
_b05
_c20141210
_lUCH01
_h1336
590 _aE5652GLJ
_b05
_c20141210
_lUCH01
_h1337
650 1 4 _aControl biológico de hongos.
_927580
650 1 4 _aFrijol
_xAlmacenamiento
_xPlagas.
_943323
650 1 4 _aFrijol
_xEnfermedades por hongos.
_943369
650 1 4 _aPlagas
_xIdentificación.
_9126573
856 _a1
_n0001404
856 _aFinding aid
_uhttp://10.13.5.2/tesis/sist111171.pdf
_zTeclea aquí
901 _aBK
942 _cTESIS
942 _n0
999 _c107633
_d107633